Yakko's world 2 - Statistics

General Stats
  • This quiz has been taken 30 times
  • The average score is 34 of 40
Answer Stats
Picture Hint Answer % Correct
Iceland
100%
Norway
100%
Sweden
100%
Finland
96%
Now with piece Germany
96%
Austria
92%
Switzerland
92%
Czechia
88%
And Greece
88%
Italy
88%
Slovakia
88%
Turkey
88%
Albania
84%
Bulgaria
84%
Cyprus
84%
Hungary
84%
Iran
84%
Iraq
84%
Oman
84%
Poland
84%
Romania
84%
Russia
84%
Saudi arabia
84%
Scotland
84%
Bahrain
80%
Belgium
80%
Denmark
80%
England
80%
France
80%
Ireland
80%
Israel
80%
Jordan
80%
Kuwait
80%
Lebanon
80%
Luxembourg
80%
The Netherlands
80%
Portugal
80%
And Spain
80%
There's Syria
80%
Both Yemen
80%
No matching quizzes found
Score Distribution
Percent of People with Each Score
Percentile by Number Answered
Your Score History
You have not taken this quiz